| 000 | 00385nam a2200157Ia 4500 | ||
|---|---|---|---|
| 008 | 210716s2003 xx 000 0 und d | ||
| 020 | _a8178087316 | ||
| 041 | _aeng | ||
| 082 | _a005.43 BACM | ||
| 100 | _aBach, Maurice J. | ||
| 245 | _aDesign of the unix operating system. | ||
| 250 | _a1 | ||
| 260 |
_aNew Delhi _bPearson Education _c2003 |
||
| 300 | _axiv,471 | ||
| 650 | _aUnix | ||
| 999 |
_c186029 _d186029 |
||